000 00634nac a22001811u 4500
020 _a8120323173
082 0 0 _a621.3819
_bM4319
090 _c748
_d748
100 _aMathivanan, N.
245 1 0 _aMicroprocessors , PC hardware and interfacing /
_cN. Mathivanan.
260 _aNew Delhi :
_bPrentice Hall of India,
_c2005.
300 _a519 p. :
_bill. ;
_c23 cm.
500 _aIncludes index.
650 0 _aMicroprocessors.
650 0 _aMicrocomputers.
942 _cBB
_k621.3819M4319
999 _c748
_d748